| 000 | 00461nam a2200181 a 4500 | ||
|---|---|---|---|
| 001 | 1975 | ||
| 005 | 20140414131900.0 | ||
| 008 | 041223s19uu xx 00 eng d | ||
| 020 | _a0-439-11515-9 | ||
| 050 |
_aFIC _bAp2 2002 |
||
| 100 | _aApplegate, K. A. | ||
| 245 |
_aThe familiar / _cK. A. Applegate. |
||
| 260 |
_aNew York : _bScholastic , _c2002. |
||
| 300 | _a143 p. ; cm. | ||
| 440 | _aAnimorphs | ||
| 650 |
_aAdventures _xFiction. |
||
| 999 |
_c110621 _d110621 |
||